000 00191nam a2200085Ia 4500
008 170620s9999 xx 000 0 und d
100 _aKesari
245 0 _aAdministrative Law
260 _bCentral Law Pub.
260 _c2001
999 _c28686
_d28686